A microsphere method to investigate the acute effects of simulated weightlessness on bone blood flow /

Bibliographic Details
Main Author: Garshnek, Victoria
Format: Thesis Microform Book
Language:English
Published: [Place of publication not identified] : [publisher not identified] ; 1985.
Subjects:

MARC

Tag First Indicator Second Indicator Subfields
LEADER 00000cam a2200000 a 4500
001 in00000035233
005 20151007055333.0
007 he bmb|||||||
008 880310r19871985oru bb 00010 eng d
035 |a (OCoLC)17609405 
035 |9 AAB7939AM 
040 |a MNM  |c MNM  |d HPE  |d OCL  |d TXA  |d UtOrBLW 
049 |a TXAI 
099 |a fiche  |a C  |a 10406 
100 1 |a Garshnek, Victoria. 
245 1 2 |a A microsphere method to investigate the acute effects of simulated weightlessness on bone blood flow /  |c by Victoria Garshnek. 
264 1 |a [Place of publication not identified] :  |b [publisher not identified] ;  |c 1985. 
300 |a xiii, 123 leaves. 
336 |a text  |b txt  |2 rdacontent 
337 |a microform  |b h  |2 rdamedia 
338 |a microfiche  |b he  |2 rdacarrier 
502 |b Ph. D.  |c University of Oregon  |d 1985. 
500 |a Vita. 
504 |a Bibliography: leaves 108-123. 
533 |a Microfiche.  |b Eugene :  |c Microform Publications, College of Human Development and Performance, University of Oregon,  |d 1987.  |e 2 microfiches : negative ; 11 x 15 cm. 
500 |a Microform. 
650 0 |a Blood flow  |x Measurement. 
650 0 |a Weightlessness. 
650 0 |a Bone. 
999 |a MARS 
999 f f |s 7e7371f2-ff3a-33dc-be3a-46bbe5db5cda  |i 45c38a2e-eaad-38fc-9a91-9c309e827862  |t 0 
952 f f |p default  |a Texas A&M University  |b College Station  |c Sterling C. Evans Library  |d Evans: Microforms (3rd floor)  |t 0  |e fiche C 10406  |h Other scheme  |i microform -- microfiche 
998 f f |a fiche C 10406  |t 0  |l Evans: Microforms (3rd floor)